000 00862cam a2200265 a 4500
001 727906
005 20180813035300.0
008 980820s1999 paua b 001 0 eng c
010 _a 98042248
020 _a0781712106
040 _aDNLM/DLC
_cDLC
_dDLC
041 _aeng
042 _apcc
060 1 0 _aWS 421
_bN439 1999
080 _a618.9201
082 0 0 _a618.9201
_221
100 _a9
101 _aPAT
245 0 0 _aNeonatology :
_cedited by Gordon B. Avery, Mary Ann Fletcher, Mhairi G. MacDonald ; with 111 contributors.
504 _aIncludes bibliographical references and index.
906 _a7
_bcbc
_corignew
_d1
_eocip
_f19
_gy-gencatlg
942 _2ddc
_cBK
999 _c47006
_d47006